[Event "CZE-ch U16"]
[Site "Kouty nad Desnou"]
[Date "2009.03.07"]
[Round "1"]
[White "Kracik, Tomas"]
[Black "Naplava, Jakub"]
[Result "1-0"]
[WhiteElo "2002"]
[BlackElo "1811"]
[PlyCount "41"]
[EventDate "2009.03.07"]
[EventType "swiss"]
[EventRounds "9"]
[EventCountry "CZE"]
[SourceTitle "EXT 2011"]
[Source "ChessBase"]
[SourceDate "2010.11.26"]
[SourceVersion "1"]
[SourceVersionDate "2010.11.26"]
[SourceQuality "1"]

1. Nf3 Nf6 2. c4 c5 3. Nc3 g6 4. d4 cxd4 5. Nxd4 d6 6. e4 Bg7 7. Be2 0-0 8. Be3 Nc6 9. 0-0 Bd7 10. Rc1 a6 11. h3 Nxd4 12. Bxd4 Rc8 13. b3 Bc6 14. Qd3 Qd7 15. a4 e6 16. Rfd1 d5 17. exd5 exd5 18. Bxf6 Bxf6 19. cxd5 Bxc3 20. Rxc3 Qxd5 21. Qxd5 1-0

[Event "Morava-ch U16"]
[Site "Havirov"]
[Date "2008.10.28"]
[Round "8"]
[White "Naplava, Jakub"]
[Black "Gabriel, Adam"]
[Result "0-1"]
[WhiteElo "1749"]
[BlackElo "2000"]
[PlyCount "72"]
[EventDate "2008.10.25"]
[EventType "swiss"]
[EventRounds "9"]
[EventCountry "CZE"]
[SourceTitle "EXT 2009"]
[Source "ChessBase"]
[SourceDate "2008.11.26"]
[SourceVersion "1"]
[SourceVersionDate "2008.11.26"]
[SourceQuality "1"]

1. e4 c5 2. Nf3 e6 3. d4 cxd4 4. Nxd4 Nf6 5. Nc3 Bb4 6. Bd3 Nc6 7. Nxc6 bxc6 8. 0-0 d5 9. Bg5 h6 10. Bxf6 Qxf6 11. exd5 cxd5 12. Bb5+ Kf8 13. Qd3 g5 14. a3 Bxc3 15. bxc3 Kg7 16. Qd4 a6 17. Bd3 Rd8 18. Rfe1 a5 19. Rab1 Ba6 20. g3 Qxd4 21. cxd4 Bxd3 22. cxd3 Rdc8 23. Rec1 Rab8 24. Kf1 Rxb1 25. Rxb1 Rc3 26. Ke2 Rxa3 27. Rb2 Kg6 28. h3 a4 29. Ke3 h5 30. Rc2 Ra1 31. Ke2 a3 32. Ke3 a2 33. Re2 Kf5 34. f3 g4 35. fxg4+ hxg4 36. h4 Kg6 0-1